Central Library OPAC University of Rajshahi
Normal view MARC view

Entry Personal Name

Number of records used in: 1

001 - CONTROL NUMBER

  • control field: 11177

003 - CONTROL NUMBER IDENTIFIER

  • control field: BD-RjUL

005 - DATE AND TIME OF LATEST TRANSACTION

  • control field: 20240128115754.0

008 - FIXED-LENGTH DATA ELEMENTS

  • fixed length control field: 240128|| aca||aabn | a|a d

040 ## - CATALOGING SOURCE

  • Original cataloging agency: BD-RjUL
  • Transcribing agency: BD-RjUL

100 ## - HEADING--PERSONAL NAME

  • Personal name: Austen, Jane,
  • Dates associated with a name: 1775-1817
  • General subdivision: Knowledge and learning

670 ## - SOURCE DATA FOUND

  • Source citation: Work cat.: (BD-RjUL)82813: Bradbrook, Frank W. 11176, Jane Austen and her predecessors,, 1966.